[Event "Medellin Sub zt 2.3.2"]
[Site "Medellin"]
[Date "2025.04.16"]
[Round "5"]
[White "Schettini Acuna, Massimo Matteo"]
[Black "Conto Garcia, Nicolas Alberto"]
[Result "0-1"]
[WhiteElo "1607"]
[BlackElo "1784"]
[PlyCount "49"]
[EventDate "2025.04.14"]
[EventType "swiss"]
[EventRounds "9"]
[EventCountry "COL"]
[SourceTitle "CB18_2025"]
[SourceDate "2025.04.30"]
[SourceVersion "1"]
[SourceVersionDate "2025.04.30"]
[SourceQuality "1"]

1. e4 c5 2. Nf3 d6 3. d4 cxd4 4. Nxd4 Nf6 5. Nc3 a6 6. f3 e5 7. Nb3 Be6 8. Be3 Nbd7 9. Qd2 b5 10. 0-0-0 Rc8 11. Kb1 Nb6 12. Bxb6 Qxb6 13. Nd5 Nxd5 14. exd5 Bf5 15. Bd3 Bxd3 16. Qxd3 Be7 17. g4 0-0 18. h4 a5 19. Rde1 Rc4 20. Re4 Rfc8 21. c3 Rxe4 22. Qxe4 a4 23. Nd2 a3 24. Qe2 axb2 25. Kxb2 0-1

[Event "Medellin Sub zt 2.3.2"]
[Site "Medellin"]
[Date "2025.04.14"]
[Round "1"]
[White "Toro Castaneda, Miguel Angel"]
[Black "Conto Garcia, Nicolas Alberto"]
[Result "1-0"]
[WhiteElo "2062"]
[BlackElo "1784"]
[PlyCount "67"]
[EventDate "2025.04.14"]
[EventType "swiss"]
[EventRounds "9"]
[EventCountry "COL"]
[SourceTitle "CB18_2025"]
[SourceDate "2025.04.30"]
[SourceVersion "1"]
[SourceVersionDate "2025.04.30"]
[SourceQuality "1"]

1. e4 c5 2. Nf3 d6 3. d4 cxd4 4. Nxd4 Nf6 5. Nc3 a6 6. Be3 e5 7. Nb3 Be6 8. Qd2 Nbd7 9. 0-0-0 b5 10. f4 Rc8 11. Kb1 Be7 12. f5 Bc4 13. h3 h5 14. Rg1 Nb6 15. g4 b4 16. Qf2 bxc3 17. Bxb6 Qd7 18. Bd3 Qb5 19. g5 Nd7 20. Be3 g6 21. f6 Bf8 22. Qf1 Qb4 23. Bxc4 Rxc4 24. a3 Qa4 25. Rd5 cxb2 26. Qd3 Rxe4 27. Nd2 Rb4 28. Ba7 Rb7 29. Qc3 Nc5 30. Bxc5 Qc6 31. Qd3 Rb5 32. Re1 Be7 33. fxe7 Rxc5 34. Rxd6 1-0

[Event "COL-ch Blitz"]
[Site "Bucaramanga"]
[Date "2024.10.27"]
[Round "1.7"]
[White "Palencia Morales, Wilson Guillermo"]
[Black "Conto Garcia, Nicolas Alberto"]
[Result "1-0"]
[WhiteElo "2236"]
[BlackElo "1798"]
[PlyCount "73"]
[EventDate "2024.10.27"]
[EventType "swiss (blitz)"]
[EventRounds "11"]
[EventCountry "COL"]
[SourceTitle "CB44_2024"]
[Source "Chessbase"]
[SourceDate "2024.10.30"]
[SourceVersion "1"]
[SourceVersionDate "2024.10.30"]
[SourceQuality "1"]

1. e4 d6 2. d4 Nf6 3. Nc3 g6 4. Be3 c6 5. Qd2 Ng4 6. Bg5 h6 7. Bh4 b5 8. f3 Nf6 9. 0-0-0 Qa5 10. Kb1 Bg7 11. e5 dxe5 12. dxe5 Nfd7 13. e6 fxe6 14. Nxb5 Qxd2 15. Nc7+ Kf7 16. Rxd2 Bb7 17. Nxa8 Bxa8 18. Bd3 Nc5 19. Ne2 Nbd7 20. Rhd1 Bb7 21. Bc4 Ne5 22. Bb3 a5 23. Bf2 Na6 24. Nf4 Bc8 25. Re2 c5 26. Bxe6+ Bxe6 27. Nxe6 Kxe6 28. f4 Rb8 29. fxe5 Nb4 30. Bxc5 Nc6 31. Rde1 a4 32. a3 Rb5 33. Bf2 Na5 34. Re4 h5 35. Rxa4 Bh6 36. c4 Bd2 37. cxb5 1-0

[Event "American Continental 18th"]
[Site "Medellin"]
[Date "2024.06.02"]
[Round "11"]
[White "Uribe Valencia, Victor Alexis"]
[Black "Conto Garcia, Nicolas Alberto"]
[Result "0-1"]
[WhiteElo "1855"]
[BlackElo "1702"]
[PlyCount "62"]
[EventDate "2024.05.24"]
[EventType "swiss"]
[EventRounds "11"]
[EventCountry "COL"]
[SourceTitle "CBM 220 Extra"]
[Source "ChessBase"]
[SourceDate "2024.07.31"]
[SourceVersion "1"]
[SourceVersionDate "2024.07.31"]
[SourceQuality "1"]

1. e4 d6 2. d4 Nf6 3. Nc3 g6 4. Bf4 c6 5. Nf3 Bg7 6. Qd2 Bg4 7. h3 Bxf3 8. gxf3 b5 9. Bh6 Bxh6 10. Qxh6 b4 11. Nd1 Nbd7 12. Ne3 c5 13. dxc5 Qa5 14. Nc4 Qxc5 15. Qe3 0-0 16. 0-0-0 Rfc8 17. Kb1 Qc7 18. Qd2 a5 19. Bd3 Nc5 20. Ne3 Rcb8 21. b3 a4 22. Kb2 d5 23. exd5 Qe5+ 24. Kb1 axb3 25. cxb3 Nxb3 26. Qb2 Qxb2+ 27. Kxb2 Nc5 28. Bc4 Na4+ 29. Kc2 Nc3 30. Ra1 Ra5 31. a3 Ncxd5 0-1

[Event "American Continental Rapid 18th"]
[Site "Medellin"]
[Date "2024.06.01"]
[Round "6"]
[White "Conto Garcia, Nicolas Alberto"]
[Black "Manotas, S Franklin"]
[Result "1-0"]
[WhiteElo "1702"]
[BlackElo "1947"]
[PlyCount "75"]
[EventDate "2024.06.01"]
[EventType "swiss (rapid)"]
[EventRounds "9"]
[EventCountry "COL"]
[SourceTitle "CBM 220 Extra"]
[Source "ChessBase"]
[SourceDate "2024.07.31"]
[SourceVersion "1"]
[SourceVersionDate "2024.07.31"]
[SourceQuality "1"]

1. e4 Nf6 2. e5 Nd5 3. d4 d6 4. exd6 exd6 5. Nf3 Bg4 6. Be2 Be7 7. 0-0 0-0 8. c4 Nb6 9. b3 Bf6 10. Bb2 Nc6 11. Na3 Re8 12. Nc2 a6 13. Ne3 Bh5 14. Re1 d5 15. c5 Nc8 16. Qd2 h6 17. a4 N8e7 18. b4 Qd7 19. Ne5 Bxe5 20. Bxh5 Bf4 21. g3 Bxe3 22. Rxe3 Qh3 23. Bf3 Qd7 24. Rae1 Kf8 25. Ba3 Nf5 26. Rxe8+ Rxe8 27. Rxe8+ Kxe8 28. Bb2 Nce7 29. Qc2 c6 30. Bc3 Qe6 31. Qd2 Qf6 32. Bg2 Kd7 33. Qf4 Kc8 34. b5 axb5 35. Ba5 Kd7 36. Qc7+ Ke6 37. Bh3 Qxd4 38. Qd6# 1-0

[Event "American Continental Rapid 18th"]
[Site "Medellin"]
[Date "2024.06.01"]
[Round "2"]
[White "Conto Garcia, Nicolas Alberto"]
[Black "Wong Pages, Juan Diego"]
[Result "0-1"]
[WhiteElo "1702"]
[BlackElo "2025"]
[PlyCount "68"]
[EventDate "2024.06.01"]
[EventType "swiss (rapid)"]
[EventRounds "9"]
[EventCountry "COL"]
[SourceTitle "CBM 220 Extra"]
[Source "ChessBase"]
[SourceDate "2024.07.31"]
[SourceVersion "1"]
[SourceVersionDate "2024.07.31"]
[SourceQuality "1"]

1. d4 Nf6 2. Nf3 g6 3. e3 Bg7 4. Nbd2 0-0 5. Bd3 d6 6. 0-0 Nc6 7. c3 Re8 8. Qc2 e5 9. e4 exd4 10. Nxd4 Ne5 11. Re1 Nh5 12. Nf1 c5 13. Nb5 a6 14. Na3 b5 15. f4 Nxd3 16. Qxd3 Qb6 17. Rd1 c4+ 18. Be3 cxd3 19. Bxb6 Nxf4 20. Ng3 Bb7 21. Bc7 Ne2+ 22. Kf2 Nxg3 23. hxg3 Bxe4 24. Bxd6 Rad8 25. Bf4 Bf5 26. Re1 b4 27. Rxe8+ Rxe8 28. Nc4 Re2+ 29. Kf1 bxc3 30. bxc3 Bxc3 31. Rb1 Kg7 32. Rd1 Rxa2 33. Nd6 Bg4 34. Ne4 Be2+ 0-1

[Event "American Continental 18th"]
[Site "Medellin"]
[Date "2024.05.31"]
[Round "10"]
[White "Conto Garcia, Nicolas Alberto"]
[Black "Chaucanes, Lina Marcela"]
[Result "0-1"]
[WhiteElo "1702"]
[BlackElo "2026"]
[PlyCount "96"]
[EventDate "2024.05.24"]
[EventType "swiss"]
[EventRounds "11"]
[EventCountry "COL"]
[SourceTitle "CBM 220 Extra"]
[Source "ChessBase"]
[SourceDate "2024.07.31"]
[SourceVersion "1"]
[SourceVersionDate "2024.07.31"]
[SourceQuality "1"]

1. d4 d5 2. Nf3 e6 3. e3 c5 4. b3 Nc6 5. Bb2 Nf6 6. Nbd2 cxd4 7. exd4 Bd6 8. a3 0-0 9. Bd3 Re8 10. Ne5 Qc7 11. Qe2 Bf8 12. h4 h5 13. g4 Nxe5 14. dxe5 Nxg4 15. 0-0-0 Qb6 16. Rdf1 Bd7 17. f3 Ne3 18. Re1 Nf5 19. Rhg1 g6 20. f4 Bg7 21. Bxf5 exf5 22. Qd3 Be6 23. Nf3 Rac8 24. Nd4 Kh7 25. Nb5 Red8 26. Bd4 Qa6 27. Kb2 b6 28. a4 Rc6 29. Qd2 Qb7 30. Re3 Qe7 31. Nd6 Qxh4 32. Reg3 Bh6 33. Be3 d4 34. Qxd4 Rcxd6 35. Qxd6 Rxd6 36. exd6 Bxf4 37. Bxf4 Qxf4 38. Rd3 Qe5+ 39. Kb1 Bd7 40. Rgd1 g5 41. a5 g4 42. Kc1 h4 43. Kd2 f4 44. Re1 Qxa5+ 45. Kd1 g3 46. b4 Qf5 47. Kd2 h3 48. Re7 g2 0-1

[Event "American Continental 18th"]
[Site "Medellin"]
[Date "2024.05.29"]
[Round "8"]
[White "Conto Garcia, Nicolas Alberto"]
[Black "Cuellar Canosa, Nicolas"]
[Result "1-0"]
[WhiteElo "1702"]
[BlackElo "1891"]
[PlyCount "62"]
[EventDate "2024.05.24"]
[EventType "swiss"]
[EventRounds "11"]
[EventCountry "COL"]
[SourceTitle "CBM 220 Extra"]
[Source "ChessBase"]
[SourceDate "2024.07.31"]
[SourceVersion "1"]
[SourceVersionDate "2024.07.31"]
[SourceQuality "1"]

1. d4 Nf6 2. Nf3 e6 3. e3 b6 4. Nbd2 Bb7 5. Bd3 c5 6. b3 Nc6 7. a3 cxd4 8. exd4 Be7 9. Bb2 0-0 10. 0-0 d5 11. Qe2 Qc7 12. Ne5 g6 13. f4 a5 14. Rf3 Rac8 15. Rh3 Nxe5 16. fxe5 Ne4 17. c4 f5 18. exf6 Nxf6 19. Qxe6+ Kg7 20. Nf3 Rce8 21. Qe5 Bd6 22. Qg5 Bf4 23. Qh4 Bc8 24. Ne5 Bxh3 25. Qxf4 Be6 26. Nxg6 Qxf4 27. Nxf4 Bg8 28. g3 Re7 29. Bc3 Rfe8 30. c5 Ne4 31. Bxe4 Rxe4 1-0

[Event "American Continental Blitz 18th"]
[Site "Medellin"]
[Date "2024.05.29"]
[Round "8"]
[White "Conto Garcia, Nicolas Alberto"]
[Black "Garmendia Vega, Gabriel"]
[Result "0-1"]
[WhiteElo "1702"]
[BlackElo "1987"]
[PlyCount "64"]
[EventDate "2024.05.29"]
[EventType "swiss (blitz)"]
[EventRounds "9"]
[EventCountry "COL"]
[SourceTitle "CBM 220 Extra"]
[Source "ChessBase"]
[SourceDate "2024.07.31"]
[SourceVersion "1"]
[SourceVersionDate "2024.07.31"]
[SourceQuality "1"]

1. d4 f5 2. g3 Nf6 3. Bg2 g6 4. c4 Bg7 5. Nc3 d6 6. e3 0-0 7. Nge2 Nc6 8. 0-0 e5 9. dxe5 dxe5 10. Nd5 Be6 11. Nec3 e4 12. f3 exf3 13. Bxf3 Ne5 14. Qe2 c6 15. Nb4 Bxc4 16. Qg2 Bxf1 17. Qxf1 Nxf3+ 18. Qxf3 Qb6 19. Nc2 Ng4 20. a4 Rad8 21. a5 Qb3 22. Nd4 Bxd4 23. exd4 Rxd4 24. Ra3 Qc2 25. Be3 Qxh2+ 26. Kf1 Nxe3+ 27. Qxe3 Rfd8 28. Qe6+ Kg7 29. Qe5+ Kh6 30. Qe3+ f4 31. Qe2 Qh1+ 32. Kf2 Rd2 0-1

[Event "American Continental 18th"]
[Site "Medellin"]
[Date "2024.05.27"]
[Round "6"]
[White "Conto Garcia, Nicolas Alberto"]
[Black "Claro Molinares, Samuel David"]
[Result "0-1"]
[WhiteElo "1702"]
[BlackElo "1903"]
[PlyCount "84"]
[EventDate "2024.05.24"]
[EventType "swiss"]
[EventRounds "11"]
[EventCountry "COL"]
[SourceTitle "CBM 220 Extra"]
[Source "ChessBase"]
[SourceDate "2024.07.31"]
[SourceVersion "1"]
[SourceVersionDate "2024.07.31"]
[SourceQuality "1"]

1. d4 Nf6 2. Nf3 g6 3. c4 Bg7 4. g3 d6 5. Bg2 0-0 6. 0-0 Nbd7 7. b3 c6 8. Bb2 Qc7 9. Na3 Re8 10. Re1 e5 11. e3 e4 12. Nd2 Nf8 13. h3 h5 14. Rc1 Bf5 15. Nab1 Qd7 16. Kh2 N8h7 17. f3 Ng5 18. Nxe4 Nfxe4 19. fxe4 Bxh3 20. Rc2 Bxg2 21. Rxg2 Qh3+ 22. Kg1 Rxe4 23. Nd2 Rg4 24. Nf1 h4 25. Rh2 Rxg3+ 26. Nxg3 Qxg3+ 27. Rg2 Nf3+ 28. Kf1 Qxe1+ 29. Qxe1 Nxe1 30. Kxe1 Re8 31. Kf2 Bh6 32. Bc1 Kg7 33. Rg4 g5 34. e4 Kg6 35. Ba3 f5 36. exf5+ Kxf5 37. Kf3 d5 38. Rg2 g4+ 39. Kf2 g3+ 40. Kf1 Kg4 41. Bd6 Kf3 42. cxd5 cxd5 0-1

[Event "American Continental 18th"]
[Site "Medellin"]
[Date "2024.05.26"]
[Round "4"]
[White "Conto Garcia, Nicolas Alberto"]
[Black "Figueroa Rincon, Cesar Fabian"]
[Result "1-0"]
[WhiteElo "1702"]
[BlackElo "1845"]
[PlyCount "65"]
[EventDate "2024.05.24"]
[EventType "swiss"]
[EventRounds "11"]
[EventCountry "COL"]
[SourceTitle "CBM 220 Extra"]
[Source "ChessBase"]
[SourceDate "2024.07.31"]
[SourceVersion "1"]
[SourceVersionDate "2024.07.31"]
[SourceQuality "1"]

1. d4 Nf6 2. Nf3 g6 3. e3 Bg7 4. Nbd2 d6 5. Bd3 Nbd7 6. c3 0-0 7. 0-0 e5 8. Qc2 Re8 9. e4 a6 10. a4 c5 11. d5 Nf8 12. b4 b6 13. h3 h5 14. bxc5 bxc5 15. a5 Bd7 16. Nc4 Bb5 17. Bg5 N8h7 18. Bxf6 Bxf6 19. Nb6 Bxd3 20. Qxd3 Ra7 21. Nd2 g5 22. Qf3 Kg7 23. Qxh5 Rh8 24. Ndc4 Nf8 25. Qf3 Ng6 26. Ne3 Nf4 27. Nf5+ Kg6 28. Nc4 Be7 29. Rfb1 Bf8 30. Rb6 f6 31. h4 Rah7 32. g3 Nh5 33. Ncxd6 1-0

[Event "American Continental 18th"]
[Site "Medellin"]
[Date "2024.05.24"]
[Round "1"]
[White "Mogollon Tobar, Nicolle Juliet"]
[Black "Conto Garcia, Nicolas Alberto"]
[Result "1-0"]
[WhiteElo "2063"]
[BlackElo "1702"]
[PlyCount "57"]
[EventDate "2024.05.24"]
[EventType "swiss"]
[EventRounds "11"]
[EventCountry "COL"]
[SourceTitle "CBM 220 Extra"]
[Source "ChessBase"]
[SourceDate "2024.07.31"]
[SourceVersion "1"]
[SourceVersionDate "2024.07.31"]
[SourceQuality "1"]

1. e4 c5 2. Nf3 d6 3. d4 cxd4 4. Nxd4 Nf6 5. Nc3 a6 6. f3 e5 7. Nb3 Be6 8. Be3 Nbd7 9. g4 b5 10. g5 b4 11. Ne2 Nh5 12. Qd2 a5 13. f4 Bg4 14. f5 Bf3 15. Rg1 Bxe4 16. Bh3 Nb6 17. Nxa5 d5 18. Nc6 Qd6 19. Nxe5 Qxe5 20. Bxb6 Qxb2 21. Bd4 Qa3 22. Bg4 Bd6 23. Bxh5 Bxh2 24. Rf1 Qh3 25. Qxb4 Qxh5 26. f6 gxf6 27. Bxf6 Kd7 28. Qe7+ Kc6 29. Nd4+ 1-0